Normal view
MARC view
Entry Término temático
001 - NÚMERO DE CONTROL
- campo de control: 56941
003 - IDENTIFICADOR DEL NÚMERO DE CONTROL
- campo de control: OSt
005 - FECHA Y HORA DE LA ÚLTIMA TRANSACCIÓN
- campo de control: 20200615034833.0
008 - DATOS DE LONGITUD FIJA
- campo de control de longitud fija: 200615|| aca||aabn | a|a d
040 ## - FUENTE DE LA CATALOGACIÓN
- Centro catalogador/agencia de origen: OSt
- Centro/agencia transcriptor: OSt
150 ## - ENCABEZAMIENTO--TÉRMINO DE MATERIA
- Término de materia o nombre geográfico como elemento de entrada: TECNOLOGÍA DE LAS COMUNICACIONES
- Subdivisión general: INVESTIGACIONES
670 ## - FUENTE DE DATOS ENCONTRADOS
- Cita de la fuente: Work cat.: (OSt)29753: República Dominicana. Oficina Nacional de Estadística 10856, Los centros de acceso colectivo (CAC) a las TIC impulsados desde el Estado en la República Dominicana., 2010.
